| 000 | 00606nam a22001815i 4500 | ||
|---|---|---|---|
| 001 | 170373 | ||
| 003 | ES-MaACL | ||
| 005 | 20230906214353.0 | ||
| 008 | 090227s1879 fr |||| | fre d | ||
| 080 | _a782.7 | ||
| 100 | 1 |
_aFerrier, Paul. _950574 |
|
| 245 | 1 | 3 |
_aLa marocaine _b: opéra-bouffe en trois actes / _cpar Paul Ferrier ; musique de Jacques Offenbach. |
| 260 |
_aParis : _bTresse, _c1879. |
||
| 300 |
_a103 p. ; _c19 cm. |
||
| 650 | 1 | 4 |
_aÓperas- _vLibretos. _9137584 |
| 700 | 1 |
_aOffenbach, Jacques. _986559 |
|
| 852 |
_aES-MaACL _j2250-F-15 _9R.141025 _z.- Biblioteca Jacinto Martínez Lacalle |
||
| 999 |
_c170373 _d170373 |
||